000 00956nam a2200277Ia 4500
003 OSt
005 20221005111221.0
006 a|||||r|||| 00| 0
007 ta
008 221004b |||||||| |||| 00| 0 hin d
020 _a8170555604 (hbk)
_c100
024 _a17828
037 _b525, 21/03/2015, Vani Prakashan
_cTextual
040 _aCRL
_cCRL
_bhin
041 _2hin
_ahin
082 _aY592.2, 152P1
100 _aराजकिशोर, संपा.
245 0 _aजाति का जहर
246 _aJāti kā jahara
260 _aनई दिल्ली
_bवाणी प्रकाशन भारत
_c2001
300 _a139पृ0
_ccm.
490 _aआज के प्रश्न; 13
650 _aभारतीय-लोक साहित्य
942 _hY592.2, 152P1
_cTEXL
_2cc
999 _c1021179
_d1021179